Datum a čas kvízu
28.5
Celkem bodů
Celkový počet nahraných bodů na tomto kvízu bez doplňovacích otázek.
4.
Pořadí na kvízu
Konečné umístění týmu na tomto kvízu.
Zaznamenané odpovědi
| # | Otázka | Odpověď | Body | Výsledky |
|---|---|---|---|---|
| 1. | Minulý týden projednával Městs... | krabice od banánů, Lidl | 1 | |
| 2. | Slovenská vláda schválila plán... | medvěd | 1 | |
| 3. | Minulý týden jsme se definitiv... | Votvírák | 1 | |
| 4. | Jak se jmenuje horská chata le... | Luční bouda | 1 | |
| 5. | Napište jméno muže, který byl... | David Trunda | 1 | |
| 6. | Milovníci komiksů se každoročn... | Comic-Con | 1 | |
| 7. | Hlavní postavy ze seriálu Teor... | Stuart | 1 | |
| 8. | Jedním z nejoblíbenějších komi... | 1B 2D 3C 4A | 1 | |
| 9. | Jak se jmenuje muž, který nakr... | Kája (Karel) Saudek | 1 | |
| 10. | V současné době vychází v komi... | Karel Jaromír Erben, Kytice | 0 |